Statistics for Top 50 Soul Albums

Click here to take the quiz!

General Stats

  • This quiz has been taken 7 times
  • The average score is 18 of 50

Answer Stats

ArtistAlbum% Correct
#7: Frank OceanBlonde
80%
#16: Marvin GayeLet's Get It On
80%
#1: Marvin GayeWhat's Going On
80%
#17: D'Angelo and the VanguardBlack Messiah
60%
#5: Curtis MayfieldCurtis
60%
#21: Dusty SpringfieldDusty in Memphis
60%
#47: Marvin GayeHere, My Dear
60%
#10: Isaac HayesHot Buttered Soul
60%
#2: Stevie WonderInnervisions
60%
#3: Stevie WonderSongs in the Key of Life
60%
#4: Curtis MayfieldSuperfly
60%
#11: Stevie WonderTalking Book
60%
#12: D'AngeloVoodoo
60%
#40: Etta JamesAt Last!
40%
#44: Amy WinehouseBack to Black
40%
#38: D'AngeloBrown Sugar
40%
#27: Stevie WonderFulfillingness' First Finale
40%
#14: Aretha FranklinI Never Loved a Man the Way I Love You
40%
#13: Aretha FranklinLady Soul
40%
#28: SadeLove Deluxe
40%
#15: Nina SimonePastel Blues
40%
#9: Sly & the Family StoneStand!
40%
#33: Bill WithersStill Bill
40%
#26: Lauryn HillThe Miseducation of Lauryn Hill
40%
#8: Sly & the Family StoneThere's a Riot Goin' On
40%
#24: Nina SimoneWild is the Wind
40%
#34: Aretha FranklinAretha Now
20%
#19: Al GreenCall Me
20%
#48: Millie JacksonCaught Up
20%
#25: Otis ReddingComplete & Unbelievable: The Otis Redding Dictionary of Soul
20%
#20: Jorge BenFôrça Bruta
20%
#49: Elvis PresleyFrom Elvis in Memphis
20%
#22: Al GreenI'm Still in Love with You
20%
#30: Shuggie OtisInspiration Information
20%
#43: Marvin GayeI Want You
20%
#42: Bill WithersJust as I Am
20%
#39: Al GreenLet's Stay Together
20%
#36: Sam CookeNight Beat
20%
#6: Otis ReddingOtis Blue: Otis Redding Sings Soul
20%
#46: Prince and the RevolutionParade: Music From the Motion Picture "Under the Cherry Moon"
20%
#18: Gil Scott-HeronPieces of a Man
20%
#50: Tim MaiaRacional Vol. 1
20%
#29: Curtis MayfieldRoots
20%
#45: Aretha FranklinSpirit in the Dark
20%
#35: Etta JamesTell Mama
20%
#41: Baby HueyThe Baby Huey Story: The Living Legend
20%
#37: Otis ReddingThe Immortal Otis Redding
20%
#31: James BrownThe Payback
20%
#32: Terry CallierWhat Color is Love
20%
#23: James CarrYou Got My Mind Messed Up
20%

Score Distribution

Percentile by Number Answered

Percent of People with Each Score

Your Score History

You have not taken this quiz